000 00388nam a2200133Ia 4500
008 100328s9999 xx 000 0 und d
082 _b53002
100 _aआपटे ह.ना.
245 _aमायेचा बाजार
260 _bआर्यभूषण
630 _aमायेचा बाजार
730 _aमायेचा बाजार
942 _cBOOK
999 _c539848
_d539845